<?xml version="1.0" encoding="UTF-8"?><marc:collection xmlns:marc="http://www.loc.gov/MARC21/slim">
  <marc:record>
    <marc:leader>00000nam  2200000zi 4500</marc:leader>
    <marc:controlfield tag="001">9.900692</marc:controlfield>
    <marc:controlfield tag="003">CaOODSP</marc:controlfield>
    <marc:controlfield tag="005">20230818074155</marc:controlfield>
    <marc:controlfield tag="006">m     o  d f      </marc:controlfield>
    <marc:controlfield tag="007">cr |||||||||||</marc:controlfield>
    <marc:controlfield tag="008">210611t20222022onc     ob   f000 0 eng d</marc:controlfield>
    <marc:datafield tag="020" ind1=" " ind2=" ">
      <marc:subfield code="a">9780660392035</marc:subfield>
    </marc:datafield>
    <marc:datafield tag="040" ind1=" " ind2=" ">
      <marc:subfield code="a">CaOODSP</marc:subfield>
      <marc:subfield code="b">eng</marc:subfield>
      <marc:subfield code="e">rda</marc:subfield>
      <marc:subfield code="c">CaOODSP</marc:subfield>
    </marc:datafield>
    <marc:datafield tag="043" ind1=" " ind2=" ">
      <marc:subfield code="a">n-cn-ab</marc:subfield>
    </marc:datafield>
    <marc:datafield tag="086" ind1="1" ind2=" ">
      <marc:subfield code="a">En3-4/41-1-2021E-PDF</marc:subfield>
    </marc:datafield>
    <marc:datafield tag="245" ind1="0" ind2="0">
      <marc:subfield code="a">Report on the progress of recovery strategy implementation for western silvery minnow (Hybognathus argyritis) in Canada for the period 2013 to 2019.</marc:subfield>
    </marc:datafield>
    <marc:datafield tag="264" ind1=" " ind2="1">
      <marc:subfield code="a">Ottawa : </marc:subfield>
      <marc:subfield code="b">Fisheries and Oceans Canada, </marc:subfield>
      <marc:subfield code="c">2022.</marc:subfield>
    </marc:datafield>
    <marc:datafield tag="264" ind1=" " ind2="4">
      <marc:subfield code="c">©2022</marc:subfield>
    </marc:datafield>
    <marc:datafield tag="300" ind1=" " ind2=" ">
      <marc:subfield code="a">1 online resource (iv, 12 pages).</marc:subfield>
    </marc:datafield>
    <marc:datafield tag="336" ind1=" " ind2=" ">
      <marc:subfield code="a">text</marc:subfield>
      <marc:subfield code="b">txt</marc:subfield>
      <marc:subfield code="2">rdacontent</marc:subfield>
    </marc:datafield>
    <marc:datafield tag="337" ind1=" " ind2=" ">
      <marc:subfield code="a">computer</marc:subfield>
      <marc:subfield code="b">c</marc:subfield>
      <marc:subfield code="2">rdamedia</marc:subfield>
    </marc:datafield>
    <marc:datafield tag="338" ind1=" " ind2=" ">
      <marc:subfield code="a">online resource</marc:subfield>
      <marc:subfield code="b">cr</marc:subfield>
      <marc:subfield code="2">rdacarrier</marc:subfield>
    </marc:datafield>
    <marc:datafield tag="490" ind1="1" ind2=" ">
      <marc:subfield code="a">Species at Risk Act recovery strategy report series</marc:subfield>
    </marc:datafield>
    <marc:datafield tag="500" ind1=" " ind2=" ">
      <marc:subfield code="a">Issued also in HTML format.</marc:subfield>
    </marc:datafield>
    <marc:datafield tag="500" ind1=" " ind2=" ">
      <marc:subfield code="a">Issued by: Fisheries and Oceans Canada.</marc:subfield>
    </marc:datafield>
    <marc:datafield tag="500" ind1=" " ind2=" ">
      <marc:subfield code="a">Issued also in French under title: Rapport sur les progrès de la mise en œuvre du programme de rétablissement du méné d'argent de l'ouest (Hybognathus argyritis) au Canada pour la période 2013 à 2019.</marc:subfield>
    </marc:datafield>
    <marc:datafield tag="500" ind1=" " ind2=" ">
      <marc:subfield code="a">Cover title.</marc:subfield>
    </marc:datafield>
    <marc:datafield tag="504" ind1=" " ind2=" ">
      <marc:subfield code="a">Includes bibliographical references (pages 11-12).</marc:subfield>
    </marc:datafield>
    <marc:datafield tag="650" ind1=" " ind2="0">
      <marc:subfield code="a">Western silvery minnow </marc:subfield>
      <marc:subfield code="x">Conservation</marc:subfield>
      <marc:subfield code="z">Milk River (Mont. and Alta.)</marc:subfield>
    </marc:datafield>
    <marc:datafield tag="650" ind1=" " ind2="0">
      <marc:subfield code="a">Wildlife recovery</marc:subfield>
      <marc:subfield code="z">Milk River (Mont. and Alta.)</marc:subfield>
    </marc:datafield>
    <marc:datafield tag="710" ind1="1" ind2=" ">
      <marc:subfield code="a">Canada. </marc:subfield>
      <marc:subfield code="b">Department of Fisheries and Oceans, </marc:subfield>
      <marc:subfield code="e">issuing body.</marc:subfield>
    </marc:datafield>
    <marc:datafield tag="775" ind1="0" ind2="8">
      <marc:subfield code="t">Rapport sur les progrès de la mise en œuvre du programme de rétablissement du méné d'argent de l'ouest (Hybognathus argyritis) au Canada pour la période 2013 à 2019.</marc:subfield>
      <marc:subfield code="w">(CaOODSP)9.900694</marc:subfield>
    </marc:datafield>
    <marc:datafield tag="795" ind1=" " ind2=" ">
      <marc:subfield code="t">Report on the progress of recovery strategy implementation for the western silvery minnow (Hybognathus argyritis) in Canada for the period 2008-2013 </marc:subfield>
      <marc:subfield code="w">(CaOODSP)9.812546</marc:subfield>
    </marc:datafield>
    <marc:datafield tag="830" ind1="#" ind2="0">
      <marc:subfield code="a">Species at Risk Act recovery strategy series.</marc:subfield>
      <marc:subfield code="w">(CaOODSP)9.505071</marc:subfield>
    </marc:datafield>
    <marc:datafield tag="856" ind1="4" ind2="0">
      <marc:subfield code="q">PDF</marc:subfield>
      <marc:subfield code="s">372 KB</marc:subfield>
      <marc:subfield code="u">https://publications.gc.ca/collections/collection_2022/mpo-dfo/En3-4-41-1-2021-eng.pdf</marc:subfield>
    </marc:datafield>
    <marc:datafield tag="856" ind1="4" ind2=" ">
      <marc:subfield code="q">HTML</marc:subfield>
      <marc:subfield code="s">N/A</marc:subfield>
      <marc:subfield code="u">https://www.canada.ca/en/environment-climate-change/services/species-risk-public-registry/report-progress-recovery-document/western-silvery-minnow-2021.html</marc:subfield>
    </marc:datafield>
  </marc:record>
</marc:collection>
